000 00692nam a2200229Ia 4500
003 GCL
008 140319s9999 xx 000 0 ara d
020 _a859305977
040 _aGCL /
_cGCL
082 0 4 _aط
_b811.052
_bط م
100 1 _aفاطمة المعدول
245 1 0 _aمراجيح /
_cفاطمة المعدول
700 1 _aطاهر البرنبالى
700 1 _aمحمود الهندى
250 _aالاولى
260 _aالقاهرة :
_bالمركز القومى لثقافة الطفل ،
_c2006
300 _a ؛
_c28 سم
650 0 4 _aالشعر الغنائى
650 0 4 _aادب الاطفال
650 0 4 _aشعر الاطفال
942 _2ddc
_cBK
999 _c9438
_d9438